Statystyki dla 15 najbardziej dotkniętych krajów Covid-19 - 18 września

Kliknij tutaj aby rozwiązać quiz!

Ogólne statystyki

  • Ten quiz został rozwiązany 21 razy
  • Średni wynik to 10 z 24

Statystyki odpowiedzi

kraj% Poprawnych
Stany Zjednoczone
100%
Rosja
79%
Brazylia
74%
Francja
68%
Hiszpania
68%
Meksyk
68%
Argentyna
58%
Indie
53%
Iran
53%
Kolumbia
42%
Republika
Południowej Afryki
42%
Wielka Brytania
42%
Peru
37%
Chile
32%
Chile
32%
Izrael
26%
Kostaryka
21%
Panama
21%
Bahrajn
16%
Bangladesz
16%
Katar
16%
Kuwejt
16%
Armenia
11%
Oman
11%

Rozkład punktacji

Percentyl według liczby udzielonych odpowiedzi

Procent ludzi z każdym wynikiem

Twoja historia wyników

Nie rozwiązałeś tego quizu